Регионална библиотека "Любен Каравелов" - Русе

Библиотеките - национална идентичност и многообразие (Запис номер 205123)

MARC детайли
000 -Лидер
Контролно поле с фиксирана дължина 01669nam a2200373 c 4500
003 - Код на организацията, давaща контролен номер
Контролно поле BLK
005 - Дата и час на последна редакция
Контролно поле 20180421001657.0
008 - Елементи от данни с фиксирана дължина
fixed length control field 180411b bul|||||r ||||||| ||bul||
010 ## - Наследен системен номер
LC control number KNG00214725000
020 ## - Международен стандартен номер на книга ISBN
Международен стандартен номер на книга ISBN 978-954-9837-31-5
-- издат.: Бълг. библиотечно-информ. асоц.
040 ## - Източник на каталожния запис
Идентификатор на билиотеката - собственик на записа BLK
041 ## - Код за език
Код за езика на текст/звукозапис или на отделно заглавие Български
Код за езика КДБФ Български
080 ## - УДК
Текстов определител УДК
УДК код - определител по УДК 021/025
УДК определител (497.2)(063)
УДК - код + определител 021/025(497.2)(063)
110 1# - Редна дума - колетивен орган
Редна дума - наименование на организация или юридическо лице Българска библиотечно-информ. асоц.
9 (RLIN) 305308
139 ## - Редно поле
Редна дума Българска библиотечно-информ. асоц.
Авторски знак Бъл - Б 92
245 10 - Сведения за заглавието
Заглавие Библиотеките - национална идентичност и многообразие
Подзаглавни данни Докл. от ХХVІІ нац. науч. конф. на ББИА, София , 8 - 9 юни 2017 г.
257 ## - Страна на издаване
Страна на създаване/издаване България
260 ## - Област на издателските данни
-- София
Име на издателя, разпространителя и проч. Бълг. библиотечно-информ. асоц.
Година на издаване 2017
300 ## - Физическа характеристика
Страници 120 с.
Размери/Мащаб 30 см
380 ## - Жанр
Жанр Общ отдел
500 ## - Общи забележки
Забележка Офс. изд. - Библиогр. след отд. докл. и под линия.
650 #4 - Допълнително описание по предмет – тема
Основно описание – тема или топоним Библиотечно дело - конгреси, конференции, съвещания
9 (RLIN) 305309
650 #4 - Допълнително описание по предмет – тема
Основно описание – тема или топоним Библиотечни услуги - конгреси, конференции, съвещания
9 (RLIN) 350595
651 #4 - Допълнително описание по предмет - топоним
Географско понятие България
9 (RLIN) 241624
653 ## - Ключова дума – ненормативна
Ключова дума библиотечно дело
653 ## - Ключова дума – ненормативна
Ключова дума библиотеки
653 ## - Ключова дума – ненормативна
Ключова дума конференции
659 ## - Тематичен бюлетин
Тематичен бюлетин Н
852 ## - Местоположение
Форматна сигнатура Цб ІІ 22139
856 4# - Електронен адрес и достъп
Електронен формат pdf - файл
Път до файла /url/
856 4# - Електронен адрес и достъп
Електронен формат pdf - файл
Път до файла /url/
942 ## - АРТИКУЛИ
Вид на библиотечния материал Книги
Скрит в OPAC Не
944 ## - СЪЗДАВАНЕ И РЕДАКЦИЯ на ЗАПИСА
Създаване/Редакция Създаване
Дата на регистрацията/редакция 29.11.2017
Статус, дата на статуса ф /
Служител, извършил регистрацията/редакцията Виолета_Тройчева
944 ## - СЪЗДАВАНЕ И РЕДАКЦИЯ на ЗАПИСА
Създаване/Редакция Редакция
Дата на регистрацията/редакция 15.12.2017
Статус, дата на статуса ф /
Служител, извършил регистрацията/редакцията Людмила_Стоянова
999 ## - СИСТЕМНИ КОНТРОЛНИ НОМЕРА
Koha biblionumber 205123
Koha biblioitemnumber 205123
Наличности
Код за отписване Код за изгубен артикул Код за повреда Коз за рестрикции Код за отдаване Артикулен № Име на библиотеката - собственик Име на библиотеката, в която се намира в момента Статус (Текущо местоположение) Дата на вписване в системата Местоположение - отдел Цена в лева Инвентарен номер Систематично азбучна сигнатура Баркод Номер на екземпляра Цена в евро Служебна бележка Служебен тип на артикула Източник на класификационната схема
  Не е изгубен Не е повреден без рестрикции ползва се в читалня 353296 Регионална библиотека "Любен Каравелов" Русе Регионална библиотека "Любен Каравелов" Русе Хранилище 2017-11-29 Основен фонд - ползва се само за читалня 16.00 120000817532 Цб ІІ 22139 120000817532 1 8.18 Дост: DA Вид: А N: 41 Дата: 29.11.2017 Книги  
  Не е изгубен Не е повреден без рестрикции ползва се в читалня 353297 Регионална библиотека "Любен Каравелов" Русе Регионална библиотека "Любен Каравелов" Русе Методичен отдел 2017-11-29 Методичен отдел 16.00 120000817533 БМ 02/Б 92 120000817533 2 8.18 Дост: DA Вид: А N: 41 Дата: 29.11.2017 Книги  
  Не е изгубен Не е повреден само за читалня ползва се в читалня 677087 Регионална библиотека "Любен Каравелов" Русе Регионална библиотека "Любен Каравелов" Русе Хранилище 2018-06-02 Хранилище 16.58 120000820687 Цб ІІ 22139 120000820687   8.48   Книги Universal Decimal Classification
Vip Innovations Ltd, Rousse, Bulgaria 2025